| 000 | 00854nam a2200229 a 4500 | ||
|---|---|---|---|
| 001 | BRCA_443 | ||
| 005 | 20190320203019.0 | ||
| 008 | 290705s1991----sp-a---###---#000-0#spa-d | ||
| 050 | 4 |
_aNK4123 _b.M37 1991 |
|
| 100 | 1 |
_aMartínez Caviró, Balbina _91348 |
|
| 245 | 1 | 0 |
_aCerámica hispanomusulmana _bandalusí y mudéjar _cBalbina Martínez Caviró. |
| 260 |
_aMadrid _bEl Viso _c1991 |
||
| 300 |
_a350 p. _bil. a color _c30 cm. |
||
| 500 | _aIncluye glosario | ||
| 504 | _aBibliografía : p. 339-349 | ||
| 650 | 1 | 4 |
_aAlfarería islámica _zEspaña _91517 |
| 650 | 1 | 4 |
_aAzulejos islámicos _zEspaña _91518 |
| 650 | 1 | 4 |
_aAlfarería medieval _xInfluencia islámica _zEspaña _91519 |
| 650 | 1 | 4 |
_aDecoración y ornamentación arquitectónica _xInfluencia islámica _zEspaña _91520 |
| 650 | 1 | 4 |
_aDecoración y ornamentación mudéjar _zEspaña _91521 |
| 942 |
_2lcc _cB |
||
| 999 |
_c378 _d378 |
||